A tudomány és a kutatás szabadsága jegyzet /
Elmentve itt :
| Szerző: | |
|---|---|
| Dokumentumtípus: | Könyv |
| Megjelent: |
2015
|
| Kulcsszavak: | tudomány kutatás felsőoktatás |
| Tárgyszavak: | |
| Online Access: | http://eta.bibl.u-szeged.hu/1232 |
| LEADER | 00714nnm a2200229 i 4500 | ||
|---|---|---|---|
| 001 | eta1232 | ||
| 005 | 20181127101243.0 | ||
| 008 | 181127s2015 hu o 0|| hun d | ||
| 040 | |a SZTE Elektronikus Tananyag Archívum |b hun | ||
| 041 | |a hun | ||
| 100 | 1 | |a Tóth Judit | |
| 245 | 1 | 2 | |a A tudomány és a kutatás szabadsága |h [elektronikus dokumentum] : |b jegyzet / |c Tóth Judit |
| 260 | |c 2015 | ||
| 300 | |a 37 | ||
| 516 | |a Book | ||
| 650 | 4 | |a Társadalomtudományok | |
| 650 | 4 | |a Oktatástudomány | |
| 650 | 4 | |a Egyéb társadalomtudományok | |
| 695 | |a tudomány | ||
| 695 | |a kutatás | ||
| 695 | |a felsőoktatás | ||
| 856 | 4 | 0 | |u https://eta.bibl.u-szeged.hu/1232/1/tudomanyos_kutatas_szabadsaga.pdf |z Dokumentum-elérés |